000
00328nam a2200133Ia 4500
008
240624s9999 xx 000 0 und d
041
_a
eng
082
_a
658.3125 KOH
100
_a
KOHLI A S
245
_a
PERFORMANCE MANAGEMENT
260
_c
2015
_a
New Delhi
_b
Oxford
300
_a
xvi, : 511 : p. : cm. ; 26
365
_c
RS
_b
31
999
_c
24931
_d
24931